000 01357nam a2200337Ia 4500
001 ebr10175723
003 CaPaEBR
006 m u
007 cr cn|||||||||
008 061206s2007 enk sb 001 0 eng d
020 _z9781403977502 (cased)
020 _z140397750X (cased)
040 _aCaPaEBR
_cCaPaEBR
035 _a(OCoLC)320325624
050 1 4 _aPR5438
_b.S28 2007eb
082 0 4 _a821.7
_222
100 1 _aSchmid, Susanne,
_d1964-
245 1 0 _aShelley's German afterlives, 1814-2000
_h[electronic resource] /
_cSusanne Schmid.
260 _aBasingstoke :
_bPalgrave Macmillan,
_c2007.
300 _avi, 243 p.
490 1 _aNineteenth-century major lives and letters
504 _aIncludes bibliographical references and index.
533 _aElectronic reproduction.
_bPalo Alto, Calif. :
_cebrary,
_d2009.
_nAvailable via World Wide Web.
_nAccess may be limited to ebrary affiliated libraries.
600 1 0 _aShelley, Percy Bysshe,
_d1792-1822
_xAppreciation
_zGermany.
600 1 0 _aShelley, Percy Bysshe,
_d1792-1822
_xInfluence.
650 0 _aEnglish poetry.
655 7 _aElectronic books.
_2local
710 2 _aebrary, Inc.
830 0 _aNineteenth-century major lives and letters.
856 4 0 _uhttp://site.ebrary.com/lib/rucke/Doc?id=10175723
_zAn electronic book accessible through the World Wide Web; click to view
999 _c141997
_d141997